Die Anfänge der Tanzmusik in Wien im 19. Jahrhundert
Elmentve itt :
| Szerző: | |
|---|---|
| Dokumentumtípus: | Könyv része |
| Megjelent: |
2005
|
| Sorozat: | A Juhász Gyula Pedagógusképző Kar Ének-Zene Tanszékének kiadványai
A zenei nyelv és a társadalmi igény kölcsönhatása : tanulmánykötet Nemzetközi Zenei Konferencia |
| Kulcsszavak: | Tánczene - 19. sz. |
| Online Access: | http://acta.bibl.u-szeged.hu/65943 |
| LEADER | 00817naa a2200205 i 4500 | ||
|---|---|---|---|
| 001 | acta65943 | ||
| 005 | 20260312134907.0 | ||
| 008 | 200205s2005 hu o 100 ger d | ||
| 020 | |a 963 7356 11 8 | ||
| 040 | |a SZTE Egyetemi Kiadványok Repozitórium |b hun | ||
| 041 | |a ger | ||
| 100 | 1 | |a Zawichowski Wolfgang | |
| 245 | 1 | 4 | |a Die Anfänge der Tanzmusik in Wien im 19. Jahrhundert |h [elektronikus dokumentum] / |c Zawichowski Wolfgang |
| 260 | |c 2005 | ||
| 300 | |a 18-28 | ||
| 490 | 0 | |a A Juhász Gyula Pedagógusképző Kar Ének-Zene Tanszékének kiadványai | |
| 490 | 0 | |a A zenei nyelv és a társadalmi igény kölcsönhatása : tanulmánykötet | |
| 490 | 0 | |a Nemzetközi Zenei Konferencia | |
| 695 | |a Tánczene - 19. sz. | ||
| 856 | 4 | 0 | |u http://acta.bibl.u-szeged.hu/65943/1/enek_zene_tanszek_2005_018-028.pdf |z Dokumentum-elérés |